| 000 | 00676cam a2200265 4500 | ||
|---|---|---|---|
| 008 | 090401t1987 xxu||||| |||| 00| 0 eng d | ||
| 020 | _a0852361637 | ||
| 035 | _a(Sirsi) u31392 | ||
| 041 | _aeng | ||
| 050 | _a631.1 | ||
| 100 | _aSlee, Bill | ||
| 245 | _aAlternative farm enterprises :a guide to alternative sources of income for the farmer | ||
| 260 |
_aIpswich _bFarming Press Limited _c1987 |
||
| 300 | _a210p. : ill. ; 22cm. | ||
| 350 | _a8.95 | ||
| 650 | _aFARM LAND | ||
| 650 | _aFARM MANAGEMENT | ||
| 650 | _aFARMING | ||
| 650 | _aFINANCE | ||
| 650 | _aMARKETING | ||
| 650 | _aRECREATION | ||
| 650 | _aTOURISM | ||
| 942 | _n0 | ||
| 948 | _c04/03/1997 | ||
| 999 |
_c89589 _d89589 |
||